1918 1037 1967 1112 1387 1382 1404 1296 1488 1226 1738 1303 1530 1039 1374 1129 1765 1645 1794 1370 1626 1743 1819 1003 1713 1705 1644 1714 1250 1820 1187 1915 1116 1684 1316 1090 1807 1972 1873 1932 1204 1036 1646 1021 1503 1519 1791 1643 1993 1817 1380 1250 1741 1812 1196 1198 1380 1248 1986 1922 1111 1178 1874 1810 1147 1175 1533 1714 1646 1888 1268 1242 1320 1676 1761 1794 1037 1775 1794 1778 1211 1468 1378 1018 1707 1867 1992 1625 1600 1618 1897 1233 1384 1846 1593 1119 1577 1549 1770 BCNSPRNW ULIB Ver.6.0+V

เปลี่ยนเป็นภาษาไทย

Change to English
 แสดงรายละเอียดบรรณานุกรม
  กลับหน้าหลัก

Brief Record : Get Marc (ISO 2709) : E-mail record : QR code < ปิดหน้าต่าง
LEADER : 00000nam 2200000uu 4500
001    13399115091
003     ULIB
008    120110s2545||||th 000 0 tha d
020    9742948798
099    วจ.WY20^bร415ค
100 0  รัชชนก สิทธิเวช
245 00 คุณลักษณะด้านการนิเทศของอาจารย์พยาบาลในคลินิก วิทยาลัยพยาบาลพระปกเกล้า จันทบุรี/^cรัชชนก สิทธิเวช
260    จันทบุรี :^bวิทยาลัยพยาบาลพระปกเกล้า จันทบุรี,^c2545
300    79 หน้า :^bตาราง
500    รายงานการวิจัย
650  7 การนิเทศ^xอาจารย์พยาบาล^xวิจัย
710 1  วิทยาลัยพยาบาลพระปกเกล้า จันทบุรี
945    ^p0^l0^i015233
995    ทศพร
999 ^a ทศพร
รายการนี้ยังไม่มีแท็ก
คุณยังไม่ได้ล็อกอิน คุณสามารถมีกิจกรรมร่วมกับเว็บไซต์ได้ แต่ต้องล็อกอินก่อน ::
  ล็อกอิน

รายการสื่อสารสนเทศ

ลำดับที่ ประเภท เลขเรียก/บาร์โค้ด สถานที่ สถานะ
1. งานวิจัย
งานวิจัย
วจ.WY20 ร415ค ฉ.1 
  Barcode: 015233
ห้องสมุดวิทยาเขตสวรรค์ประชารักษ์
►วิจัย
บนชั้น

รายการใกล้เคียง
    ผู้แต่ง [รัชชนก สิทธิเวช]

BibComment


ยังไม่เคยถูกคอมเมนท์

คอมเมนท์ทรัพยากรรายการนี้
  คอมเมนท์: คุณลักษณะด้านการน..


 Copyright 2026. Bcnsprnw @Library